00495nam a22001577a 450000500170000000800410001702000150005804100130007308200150008610000280010124500820012925000190021126000470023030000340027765000260031120231114122934.0231114b |||||||| |||| 00| 0 eng d a0702132721 aEnglish  a344.6 MCK  aMcKenzie, HS lEnglish  aThe Law of Building and Engineering Contracts and Arbitration /cHS McKenzie  aFifth Edition  aCape Town : bJuta and Company Ltd, c1994 bxxxv, 349 pages ; c26,5 cm.  aLegal practice bLaw